[Event "17. Torneo Ciudad de Pamplona - Abierto"]
[Site "Pamplona ESP"]
[Date "2007.12.28"]
[Round "8.13"]
[White "Paulet, Iosefina"]
[Black "Anguas Fanlo, Sergio"]
[Result "1-0"]
[WhiteElo "2276"]
[BlackElo "2048"]
[PlyCount "63"]
[EventDate "2007.12.22"]
[EventType "swiss"]
[EventRounds "9"]
[EventCountry "ESP"]
[Source "lmi"]
[SourceDate "2007.12.22"]

1. e4 c6 2. Nc3 d5 3. Nf3 dxe4 4. Nxe4 Bf5 5. Ng3 Bg6 6. h4 h6 7. Ne5 Qd6 8.
Nxg6 Qxg6 9. d4 Qe6+ 10. Be2 Nf6 11. Bf4 Nbd7 12. Qd3 Nd5 13. Bd2 N7f6 14.
O-O-O Qd7 15. c4 Nc7 16. Bf4 e6 17. Qb3 Bd6 18. Be5 O-O-O 19. Rd3 Nce8 20. Qa4
a6 21. Rhd1 Qc7 22. f4 Nd7 23. c5 Bxe5 24. fxe5 f6 25. Bg4 fxe5 26. Bxe6 exd4
27. Qxd4 Nef6 28. Nf5 Kb8 29. Nd6 Nf8 30. Bc4 Ne8 31. Rb3 b5 32. Nxb5 1-0

[Event "17. Torneo Ciudad de Pamplona - Abierto"]
[Site "Pamplona ESP"]
[Date "2007.12.28"]
[Round "8.14"]
[White "Segovia Sanchez, Antonio"]
[Black "Sanchez Romero, Miguel Angel"]
[Result "0-1"]
[WhiteElo "1986"]
[BlackElo "2252"]
[PlyCount "121"]
[EventDate "2007.12.22"]
[EventType "swiss"]
[EventRounds "9"]
[EventCountry "ESP"]
[Source "lmi"]
[SourceDate "2007.12.22"]

1. d4 Nf6 2. Nf3 g6 3. Bg5 Ne4 4. Bf4 d5 5. Nbd2 Bg7 6. e3 O-O 7. Nxe4 dxe4 8.
Nd2 c5 9. c3 cxd4 10. cxd4 Qb6 11. Bxb8 Rxb8 12. Qb3 Qa5 13. Qc3 b6 14. Qxa5
bxa5 15. Nxe4 Rxb2 16. Bd3 Rd8 17. Nc3 e5 18. d5 e4 19. Nxe4 Rxd5 20. Bc4 Rd8
21. O-O Rb4 22. Rac1 Bb2 23. Rc2 Bf5 24. f3 h5 25. Bb3 Be5 26. Rc5 Re8 27. Rxa5
Re7 28. Ng5 Bc7 29. Rd5 Bb6 30. Kh1 Bxe3 31. Nh3 Bb6 32. Rd2 Kg7 33. Nf2 Bxf2
34. Rdxf2 a5 35. Bd5 Rd4 36. Bb3 a4 37. Bc2 Be6 38. Re1 Rc7 39. Be4 Rb4 40. h3
a3 41. Re3 Rb2 42. Ree2 Rc1+ 43. Kh2 Rxe2 44. Rxe2 Ra1 45. Rd2 Rxa2 46. Rd1 Rb2
47. Ra1 a2 48. Kg3 Bf5 49. Bd5 Bb1 50. f4 Kf6 51. Kf3 Rd2 52. Bc4 Rc2 53. Bd5
Rc3+ 54. Kf2 Rc2+ 55. Kf3 Ke7 56. g4 Rc3+ 57. Kg2 h4 58. g5 f6 59. Kg1 Rc2 60.
Be4 Rb2 61. Bd3 0-1

[Event "17. Torneo Ciudad de Pamplona - Abierto"]
[Site "Pamplona ESP"]
[Date "2007.12.28"]
[Round "8.15"]
[White "Escofet Llongueras, Joan"]
[Black "Padurariu, Ioana Smaranda"]
[Result "0-1"]
[WhiteElo "1887"]
[BlackElo "2220"]
[PlyCount "91"]
[EventDate "2007.12.22"]
[EventType "swiss"]
[EventRounds "9"]
[EventCountry "ESP"]
[Source "lmi"]
[SourceDate "2007.12.22"]

1. c4 e5 2. Nc3 Nc6 3. g3 g6 4. Bg2 Bg7 5. e4 d6 6. Nge2 Nf6 7. O-O h5 8. h4
Bg4 9. f3 Be6 10. d3 O-O 11. Nd5 Nd7 12. f4 f5 13. Be3 Nd4 14. Rc1 c6 15. Ndc3
Qc7 16. Qd2 c5 17. Nd5 Nf6 18. Nxf6+ Bxf6 19. Nc3 Rab8 20. Nd5 Bxd5 21. cxd5
Rbe8 22. Kh2 exf4 23. Bxf4 Be5 24. Rce1 Bxf4 25. gxf4 b5 26. e5 b4 27. Rg1 Kh7
28. Bh1 Rg8 29. Qg2 a5 30. Qg5 Rg7 31. Qf6 Nb5 32. Re3 Qe7 33. Rge1 Rf7 34.
Qxe7 Rexe7 35. e6 Rf8 36. Rc1 a4 37. Bf3 Ra8 38. Kg3 Kg7 39. Bd1 a3 40. bxa3
Rxa3 41. Bb3 Kf6 42. Bc4 Nd4 43. Rg1 Rc3 44. Rg2 Re8 45. Kh2 Rc1 46. Kg3 0-1

[Event "17. Torneo Ciudad de Pamplona - Abierto"]
[Site "Pamplona ESP"]
[Date "2007.12.29"]
[Round "9.1"]
[White "Salgado Lopez, Ivan"]
[Black "Huerga Leache, Mikel"]
[Result "1/2-1/2"]
[WhiteElo "2460"]
[BlackElo "2440"]
[PlyCount "32"]
[EventDate "2007.12.22"]
[EventType "swiss"]
[EventRounds "9"]
[EventCountry "ESP"]
[Source "lmi"]
[SourceDate "2007.12.22"]

1. e4 e5 2. Nf3 Nf6 3. Nxe5 d6 4. Nf3 Nxe4 5. Qe2 Qe7 6. d3 Nf6 7. Bg5 Qxe2+ 8.
Bxe2 Be7 9. Nc3 Nc6 10. Nb5 Kd8 11. O-O-O h6 12. Bh4 Bg4 13. Rhe1 Nd5 14. Nbd4
g5 15. Nxc6+ bxc6 16. Bg3 Bd7 1/2-1/2

[Event "17. Torneo Ciudad de Pamplona - Abierto"]
[Site "Pamplona ESP"]
[Date "2007.12.29"]
[Round "9.3"]
[White "San Segundo Carrillo, Pablo"]
[Black "Pogorelov, Ruslan"]
[Result "1-0"]
[WhiteElo "2536"]
[BlackElo "2411"]
[PlyCount "107"]
[EventDate "2007.12.22"]
[EventType "swiss"]
[EventRounds "9"]
[EventCountry "ESP"]
[Source "lmi"]
[SourceDate "2007.12.22"]

1. d4 Nf6 2. c4 e6 3. Nf3 b6 4. g3 Ba6 5. b3 Bb4+ 6. Bd2 Be7 7. Bg2 c6 8. Bc3
d5 9. Ne5 Nfd7 10. Nxd7 Nxd7 11. Nd2 O-O 12. O-O Rc8 13. e4 c5 14. exd5 exd5
15. dxc5 dxc4 16. c6 cxb3 17. Re1 b2 18. Bxb2 Nc5 19. Nc4 Bxc4 20. Qg4 Bg5 21.
Qxc4 Nd3 22. Be5 Nxe1 23. Rxe1 Bf6 24. Bxf6 Qxf6 25. c7 Qd6 26. Rc1 b5 27. Qc2
g6 28. Bb7 a5 29. Qc5 Qxc5 30. Rxc5 b4 31. Kf1 Rfe8 32. Bxc8 Rxc8 33. Ke2 a4
34. Kd3 b3 35. a3 Kf8 36. Kc3 Ke7 37. Rc4 g5 38. Rxa4 Rxc7+ 39. Kxb3 Rc8 40.
Rd4 Rc1 41. a4 Rc6 42. a5 Rh6 43. Kb4 Rf6 44. Rd2 h5 45. Ra2 h4 46. a6 Rb6+ 47.
Kc5 Rb8 48. a7 Ra8 49. Kb6 Kf6 50. Ra5 h3 51. Kb7 Rxa7+ 52. Rxa7 Kg6 53. g4 Kf6
54. Ra5 1-0

[Event "17. Torneo Ciudad de Pamplona - Abierto"]
[Site "Pamplona ESP"]
[Date "2007.12.29"]
[Round "9.4"]
[White "Li, Chao B"]
[Black "Lafuente, Pablo"]
[Result "1-0"]
[WhiteElo "2553"]
[BlackElo "2489"]
[PlyCount "83"]
[EventDate "2007.12.22"]
[EventType "swiss"]
[EventRounds "9"]
[EventCountry "ESP"]
[Source "lmi"]
[SourceDate "2007.12.22"]

1. e4 c6 2. d4 d5 3. e5 Bf5 4. Nf3 e6 5. Be2 Nd7 6. O-O Bg6 7. Nbd2 Nh6 8. c3
Be7 9. Ne1 O-O 10. Ndf3 f6 11. Nd3 Kh8 12. Re1 Re8 13. Bf1 Be4 14. Bxh6 gxh6
15. Nf4 fxe5 16. Nxe6 Qc8 17. dxe5 Nxe5 18. Nxe5 Qxe6 19. Qh5 Rf8 20. Ng4 Bc5
21. b4 Bb6 22. c4 Rf5 23. Qh3 Rf4 24. Be2 Rg8 25. c5 Bd8 26. f3 Bf5 27. Qg3 Bc7
28. Bf1 Qg6 29. Ne5 Bxe5 30. Rxe5 Rxb4 31. Qe1 Rb2 32. g3 Rc2 33. Rb1 Qf6 34.
Rxb7 Bg6 35. f4 Rf8 36. Rxa7 Rxc5 37. Qb4 Rc1 38. Re6 Rxf1+ 39. Kxf1 Qa1+ 40.
Kg2 Kg8 41. Rxg6+ hxg6 42. Qe7 1-0

[Event "17. Torneo Ciudad de Pamplona - Abierto"]
[Site "Pamplona ESP"]
[Date "2007.12.29"]
[Round "9.5"]
[White "Krivoshey, Sergei"]
[Black "Llaneza Vega, Marcos"]
[Result "1-0"]
[WhiteElo "2484"]
[BlackElo "2426"]
[PlyCount "35"]
[EventDate "2007.12.22"]
[EventType "swiss"]
[EventRounds "9"]
[EventCountry "ESP"]
[Source "lmi"]
[SourceDate "2007.12.22"]

1. Nf3 Nf6 2. c4 g6 3. Nc3 d5 4. Qa4+ Bd7 5. Qb3 dxc4 6. Qxc4 Bg7 7. e4 O-O 8.
e5 Ng4 9. d4 Nc6 10. h3 Nh6 11. Bg5 Kh8 12. d5 Na5 13. Qb4 b6 14. Bxe7 c5 15.
Qh4 Qe8 16. Bd3 Rg8 17. Bf6 Bf5 18. Bb5 1-0

[Event "17. Torneo Ciudad de Pamplona - Abierto"]
[Site "Pamplona ESP"]
[Date "2007.12.29"]
[Round "9.8"]
[White "Recuero Guerra, David"]
[Black "Paulet, Iosefina"]
[Result "0-1"]
[WhiteElo "2407"]
[BlackElo "2276"]
[PlyCount "64"]
[EventDate "2007.12.22"]
[EventType "swiss"]
[EventRounds "9"]
[EventCountry "ESP"]
[Source "lmi"]
[SourceDate "2007.12.22"]

1. e4 c5 2. Nf3 d6 3. d4 cxd4 4. Nxd4 Nf6 5. Nc3 a6 6. Be3 e5 7. Nf3 Be7 8. Bc4
O-O 9. O-O h6 10. Nh4 Kh7 11. Nf5 Nxe4 12. Nxe7 Nxc3 13. Qd3+ e4 14. Qxc3 Qxe7
15. f3 Bf5 16. Rae1 Nc6 17. fxe4 Bg6 18. Bd5 Rac8 19. Qd2 Ne5 20. Bf4 b5 21.
Re3 Nc4 22. Bxc4 Rxc4 23. Rh3 Kg8 24. c3 Rxe4 25. Rg3 Re8 26. Qxd6 Qa7+ 27. Kh1
Re1 28. Rgf3 Bh5 29. Qd3 Bxf3 30. Qxf3 Qb7 31. Kg1 Qxf3 32. gxf3 R8e2 0-1

[Event "17. Torneo Ciudad de Pamplona - Abierto"]
[Site "Pamplona ESP"]
[Date "2007.12.29"]
[Round "9.9"]
[White "Estremera Paños, Sergio"]
[Black "Garcia Paolicchi, Raul"]
[Result "1/2-1/2"]
[WhiteElo "2400"]
[BlackElo "2237"]
[PlyCount "39"]
[EventDate "2007.12.22"]
[EventType "swiss"]
[EventRounds "9"]
[EventCountry "ESP"]
[Source "lmi"]
[SourceDate "2007.12.22"]

1. c4 e5 2. Nc3 Nc6 3. d3 g6 4. g3 Bg7 5. Bg2 d6 6. Rb1 Nf6 7. e4 O-O 8. Nge2
Be6 9. O-O Nh5 10. Nd5 Qd7 11. b3 Rae8 12. Be3 f5 13. Qd2 Nd4 14. Bxd4 exd4 15.
Qa5 c6 16. Ndf4 Nxf4 17. Nxf4 fxe4 18. Nxe6 Qxe6 19. dxe4 a6 20. Qd2 1/2-1/2

[Event "17. Torneo Ciudad de Pamplona - Abierto"]
[Site "Pamplona ESP"]
[Date "2007.12.29"]
[Round "9.10"]
[White "Navarro Cia, Miguel"]
[Black "Moreto Quintana, Alexandre"]
[Result "0-1"]
[WhiteElo "2359"]
[BlackElo "2121"]
[PlyCount "76"]
[EventDate "2007.12.22"]
[EventType "swiss"]
[EventRounds "9"]
[EventCountry "ESP"]
[Source "lmi"]
[SourceDate "2007.12.22"]

1. d4 f5 2. e4 fxe4 3. Nc3 Nf6 4. Bg5 d6 5. h4 Bg4 6. Be2 Bf5 7. Nh3 Nbd7 8. g4
Be6 9. Be3 Nb6 10. g5 Nfd5 11. Nxe4 Qd7 12. Nf4 Nxf4 13. Bxf4 Bd5 14. Bd3 Nc4
15. Qh5+ Kd8 16. O-O-O Qf5 17. Qf3 e5 18. dxe5 Nxe5 19. Qe3 Nxd3+ 20. cxd3 Bxa2
21. Rhe1 Qd7 22. Qd4 d5 23. Nc3 Bb3 24. Rd2 a5 25. Rde2 Bb4 26. Bd2 c5 27. Qf4
c4 28. d4 a4 29. Nb1 Bd6 30. Qf3 c3 31. Bxc3 b5 32. Nd2 Ba2 33. b4 axb3 34. Kd1
Ba3 35. Re5 b2 36. Nb1 Rf8 37. Qg2 b4 38. Re7 Bxb1 0-1

[Event "17. Torneo Ciudad de Pamplona - Abierto"]
[Site "Pamplona ESP"]
[Date "2007.12.29"]
[Round "9.11"]
[White "Padurariu, Ioana Smaranda"]
[Black "Rubio Mejia, Luis Igancio"]
[Result "0-1"]
[WhiteElo "2220"]
[BlackElo "2327"]
[PlyCount "104"]
[EventDate "2007.12.22"]
[EventType "swiss"]
[EventRounds "9"]
[EventCountry "ESP"]
[Source "lmi"]
[SourceDate "2007.12.22"]

1. e4 c5 2. Nc3 d6 3. f4 g6 4. Nf3 Bg7 5. Bb5+ Bd7 6. Bxd7+ Qxd7 7. O-O Nc6 8.
d3 Nh6 9. h3 f5 10. Be3 O-O 11. Qe1 Nd4 12. Qf2 Nxf3+ 13. Qxf3 Rac8 14. Rad1 b5
15. Rd2 a5 16. Nd5 Rb8 17. d4 c4 18. Bf2 e6 19. Ne3 fxe4 20. Qxe4 d5 21. Qf3
Qf7 22. Bh4 Nf5 23. Nxf5 exf5 24. Qa3 Ra8 25. Qc5 b4 26. c3 Rfc8 27. Qd6 Bf8
28. Qf6 Re8 29. Qc6 Qe6 30. Qxe6+ Rxe6 31. Kf2 Rae8 32. Rc1 Kf7 33. Rcc2 Bd6
34. Bg3 Re1 35. cxb4 axb4 36. b3 c3 37. Rd3 Rb1 38. Kf3 Re4 39. a3 Rxb3 40.
axb4 Bxb4 41. Bf2 Rb1 42. g3 Ra1 43. h4 Ke6 44. Re3 Kd6 45. Ree2 Kc6 46. Be3
Kb5 47. Ra2 Rxa2 48. Rxa2 Kc4 49. Ke2 Kb3 50. Ra8 c2 51. Rc8 Kb2 52. Kd3 Rxe3+
0-1

[Event "17. Torneo Ciudad de Pamplona - Abierto"]
[Site "Pamplona ESP"]
[Date "2007.12.29"]
[Round "9.15"]
[White "Calzetta Ruiz, Monica"]
[Black "Viñal Gutierrez, Pedro"]
[Result "1-0"]
[WhiteElo "2287"]
[BlackElo "2114"]
[PlyCount "59"]
[EventDate "2007.12.22"]
[EventType "swiss"]
[EventRounds "9"]
[EventCountry "ESP"]
[Source "lmi"]
[SourceDate "2007.12.22"]

1. e4 c6 2. d4 d5 3. Nd2 g6 4. Ngf3 Bg4 5. c3 Bxf3 6. Qxf3 e6 7. Bd3 Bg7 8. O-O
Ne7 9. Re1 O-O 10. Qh3 Nd7 11. Nf3 dxe4 12. Bxe4 Nf6 13. Bc2 Qb6 14. Bb3 Nf5
15. Ne5 Rfe8 16. g4 Nd6 17. Bh6 Bh8 18. Nd3 Rad8 19. Re2 Qc7 20. Rae1 Qc8 21.
Bg5 Re7 22. Qh4 Nde8 23. h3 Rd6 24. Bf4 Rd8 25. Nc5 Rd5 26. Bxd5 cxd5 27. Be5
b6 28. Nd3 Qc4 29. Re3 Rd7 30. g5 1-0